| 000 | 01087cas a2200241 4500 | ||
|---|---|---|---|
| 001 | L153577 | ||
| 008 | 110808s2010 eng u | ||
| 035 | _a(Sirsi) u153577 | ||
| 041 | 0 | _aeng | |
| 050 | _a333.33 $2 18 | ||
| 110 | 2 | _aDTZ | |
| 245 | 0 | 0 |
_aInvestment market update UK retail shopping centres _h[electronic resource] |
| 260 |
_a[S.l.] _bDTZ _c2010- |
||
| 362 | 0 | _aQ1 2010- | |
| 490 | 0 |
_aDTZ Investment Update UK Retail Shopping Centres _vQ1 2010- |
|
| 520 | _aA regular report on the real estate investment market including commentary, significant transactions and key data including executive summary, transaction analysis, yield, vendor and purchaser analysis, occupational demand, looking forward and contacts. | ||
| 650 | 2 | 4 | _aDTZ INVESTMENT UPDATE UK RETAIL SHOPPING CENTRES |
| 651 | 4 | _aUnited Kingdom | |
| 690 | _aPROPERTY-COMMERCIAL PROPERTY-COMMERCIAL PROPERTY FINANCE AND INVESTMENT | ||
| 690 | _aPROPERTY-COMMERCIAL PROPERTY-COMMERCIAL PROPERTY MARKET | ||
| 856 | 4 | 0 |
_uhttps://www.dtz.com/Global/Research?vgnLocale=en_GB _zLink broken |
| 942 |
_n0 _2ddc |
||
| 999 |
_c119344 _d119344 |
||